000 00380nam a2200157Ia 4500
008 230524s9999 xx 000 0 und d
082 _a535
_bAGA
100 _aB.S. Agrawal
_913647
245 0 _aOptics (Geometrical; and Physics )
250 _a3RD
260 _aNEW DELHI
_bShymlal
_c2000
300 _a832
500 _aQuantity Number: 1
650 _aPhysics
942 _cBK
999 _c19551
_d19551